Prowincje Chin - Klikanie na Mapie - Statystyki

Ogólne statystyki
  • Ten quiz został rozwiązany 13 razy
  • Średni wynik to 11 z 33
Odpowiedzi na mapie
Odpowiedzi zakodowano w zielono-czerwonej skali na mapie do tego quizu, zgodnie z poniższymi procentami.
 
Statystyki odpowiedzi
Odpowiedź % Poprawnych
Tybet
73%
Mongolia Wewnętrzna
64%
Pekin
55%
Sinciang
55%
Gansu
45%
Jiangsu
45%
Junnan
45%
Ningxia
45%
Shanxi
45%
Tiencin
45%
Guangdong
36%
Hebei
36%
Kuangsi
36%
Qinghai
36%
Syczuan
36%
Szanghaj
36%
Szantung
36%
Chongqing
27%
Fujian
27%
Heilongjiang
27%
Henan
27%
Hongkong
27%
Hubei
27%
Kuejczou
27%
Shaanxi
27%
Zhejiang
27%
Anhui
18%
Hajnan
18%
Hunan
18%
Jiangxi
18%
Jilin
18%
Jiangsu
9%
Makau
0%
Nie znaleziono quizów pasujących do podanych kryteriów
Rozkład punktacji
Procent ludzi z każdym wynikiem
Percentyl według liczby udzielonych odpowiedzi
Twoja historia wyników
Nie rozwiązałeś tego quizu